[Event "ch-Frankfurt A"]
[White "Neukirchner, Pascal"]
[Black "Yalcin, Alparslan"]
[Site "Frankfurt"]
[Result "1-0"]
[Round "4.2"]
[WhiteElo "2230"]
[BlackElo "2107"]
[Date "2024.05.27"]
[PlyCount "300"]

1. Nf3 Nf6 2. g3 g6 3. b3 d5 4. Bg2 c5 5. c4 d4 6. b4 cxb4 7. a3 bxa3 8. O-O Nc6 
9. d3 Bg7 10. Nbd2 O-O 11. Nb3 e5 12. Bxa3 Re8 13. Nfd2 Bf5 14. Nc5 Qc7 15. Qa4 
Rac8 16. Rfb1 b6 17. Nce4 Red8 18. Qa6 Nb8 19. Qb5 Bd7 20. Bd6 Bxb5 21. Bxc7 Rxc7 
22. Rxb5 Nxe4 23. Nxe4 Nd7 24. Rd5 Kf8 25. g4 Ke7 26. g5 h6 27. h4 hxg5 28. hxg5 
Nf8 29. Rxd8 Kxd8 30. Nd6 Re7 31. Bh3 Nh7 32. Nc8 Rc7 33. Nxa7 Nxg5 34. Bg2 e4 35. 
Nb5 Rc6 36. Ra8+ Ke7 37. Ra7+ Ke6 38. f4 exf3 39. exf3 Rc5 40. f4 Nh7 41. Bd5+ Kf5 
42. Rxf7+ Nf6 43. Nxd4+ Kg4 44. Rxg7 Nxd5 45. cxd5 Rxd5 46. Ne2 Kf3 47. Nc1 Rc5 
48. Nb3 Rc3 49. Nd2+ Kxf4 50. Rd7 Ke3 51. Nc4+ Ke2 52. Ne5 Ke3 53. Kg2 b5 54. Ng4+ 
Kf4 55. Rd4+ Kf5 56. Kf3 b4 57. Ne3+ Ke5 58. Rd5+ Ke6 59. Ke4 Rc1 60. Rb5 Rb1 61. 
Rb6+ Kf7 62. Kd4 b3 63. Kc3 Rc1+ 64. Kb2 Re1 65. Nc4 g5 66. d4 Rd1 67. Kc3 g4 68. 
Ne5+ Ke7 69. Nxg4 Rc1+ 70. Kd2 Rb1 71. Ne3 Kd7 72. Nd5 Kc8 73. Kc3 Rc1+ 74. Kxb3 
Kd7 75. Nc3 Rh1 76. Kc4 Kc7 77. Rg6 Rc1 78. d5 Rc2 79. Kd4 Rc1 80. Rg7+ Kb6 81. 
Ne4 Rd1+ 82. Ke5 Rd3 83. Rb7+ Ka5 84. d6 Rd1 85. d7 Ka6 86. Rb8  1-0

[Event "ch-Frankfurt A"]
[White "Nehmert, Ulrich"]
[Black "Casagrande, Thomas, Dr."]
[Site "Frankfurt"]
[Result "0-1"]
[Round "4.3"]
[WhiteElo "2255"]
[BlackElo "2015"]
[Date "2024.05.27"]
[PlyCount "300"]

1. e4 c6 2. d4 d5 3. f3 Qb6 4. Nc3 dxe4 5. Nxe4 Nf6 6. c3 Nxe4 7. fxe4 e5 8. Nf3 
exd4 9. cxd4 Bb4+ 10. Kf2 Bg4 11. h3 Bxf3 12. gxf3 Be7 13. Bc4 Bh4+ 14. Kf1 Nd7 
15. Qb3 Qxd4 16. Bxf7+ Kf8 17. Be3 Qf6 18. Bh5 g6 19. Bg4 h5 20. e5 Nxe5 21. Bc5+ 
Kg7 22. Qxb7+ Nf7 23. Rd1 Rad8 24. Kg2 hxg4 25. hxg4 Qf4 26. Rxh4 Rxh4  0-1

[Event "ch-Frankfurt A"]
[White "Foerster-Yialamas, Lucas"]
[Black "Diehl, Felix"]
[Site "Frankfurt"]
[Result "1-0"]
[Round "4.4"]
[WhiteElo "2116"]
[BlackElo "1867"]
[Date "2024.05.27"]
[PlyCount "300"]

1. e4 e5 2. Nf3 Nc6 3. Bc4 Bc5 4. c3 Nf6 5. d3 d6 6. O-O h6 7. Nbd2 O-O 8. b4 Bb6 
9. Re1 Ne7 10. Bb3 Ng6 11. Nc4 c6 12. a4 a5 13. Ba3 axb4 14. Bxb4 Bc7 15. d4 Re8 
16. Bxd6 Bxd6 17. dxe5 Be7 18. exf6 Bxf6 19. e5 Be7 20. Nd6 Bxd6 21. Qxd6 Be6 22. 
Bc2 Nf4 23. Qb4 Nd5 24. Qxb7 Qa5 25. Qxc6 Rec8 26. Qb5 Qxc3 27. Rec1 Kf8 28. h3 
Rab8 29. Qd3 Qa5 30. Qh7 Nf4 31. Nd4 Qc3 32. Nxe6+ Nxe6 33. Bf5 Qxc1+ 34. Rxc1 Rxc1+ 
35. Kh2 Ke7 36. Bxe6 Kxe6 37. Qxg7  1-0

[Event "ch-Frankfurt A"]
[White "Steudel, Max"]
[Black "Rabiya, Karim"]
[Site "Frankfurt"]
[Result "1-0"]
[Round "4.5"]
[WhiteElo "2031"]
[BlackElo "1841"]
[Date "2024.05.27"]
[PlyCount "300"]

1. e4 e5 2. Nf3 Nc6 3. d3 Nf6 4. Nbd2 d5 5. Be2 Be7 6. O-O Be6 7. c3 a5 8. Qc2 O-O 
9. b3 h6 10. Bb2 Nh7 11. a3 f5 12. b4 Ng5 13. b5 Nxf3+ 14. Nxf3 fxe4 15. dxe4 dxe4 
16. Qxe4 Rf4 17. Qe3 Na7 18. Nxe5 Bg5 19. Nf3 Bb3 20. Nxg5 Qxg5 21. c4 a4 22. g3 
Raf8 23. Qxa7 Bxc4 24. Bxc4+ Rxc4 25. Qxb7 Qd2 26. Rad1 Qe2 27. Qd5+ Kh8 28. Qe5 
Qg4 29. Rd4  1-0

[Event "ch-Frankfurt A"]
[White "Biegel, Thomas"]
[Black "Lenhard, Martin"]
[Site "Frankfurt"]
[Result "1-0"]
[Round "4.6"]
[WhiteElo "1974"]
[BlackElo "2004"]
[Date "2024.05.27"]
[PlyCount "300"]

1. d4 Nf6 2. c4 e6 3. g3 c5 4. Nf3 cxd4 5. Nxd4 d5 6. Bg2 e5 7. Nc2 d4 8. O-O Nc6 
9. e3 d3 10. Ne1 e4 11. f3 exf3 12. Bxf3 Ne5 13. Bg2 Bc5 14. b4 Be7 15. Rf4 O-O 
16. Rd4 Qc7 17. Nxd3 Nxd3 18. Qxd3 Bxb4 19. Ba3 Bxa3 20. Nxa3 a6 21. Rb1 Rb8 22. 
Rd1 Bg4 23. Rd2 Rfe8 24. Bd5 Qe5 25. Nc2 Nd7 26. Rxg4  1-0

[Event "ch-Frankfurt A"]
[White "Brehme, Ralf-Peter"]
[Black "Rudolph, Peter"]
[Site "Frankfurt"]
[Result "1/2-1/2"]
[Round "4.8"]
[WhiteElo "1952"]
[BlackElo "2119"]
[Date "2024.05.27"]
[PlyCount "300"]

1. f4 d5 2. Nf3 g6 3. g3 Bg7 4. Bg2 Nh6 5. d3 d4 6. O-O O-O 7. c3 c5 8. e4 dxe3 9. 
Bxe3 Qc7 10. Na3 a6 11. Nc2 Ng4 12. Bc1 Nc6 13. h3 Nf6 14. Be3 b6 15. Qe2 Bb7 16. 
Bf2 Rfe8 17. d4 cxd4 18. Ncxd4 Nxd4 19. cxd4 Qd6 20. Rac1 Rac8 21. Rfe1 e6 22. a3 
b5 23. Qe5 Qd7 24. Qe2 Qd8 25. Ne5 Bxg2 26. Kxg2 Qd6 27. Rc5 Nd7 28. Rxc8 Rxc8 29. 
Qe4 Nb6 30. Qb7 Qd5+ 31. Qxd5 Nxd5 32. Re2 a5 33. Kf3 b4 34. axb4 axb4 35. Nd3 Rc4 
36. Ne5 Rc7 37. Nd3 Rc4 38. Ne5 Rc7 39. Nd3  1/2-1/2

[Event "ch-Frankfurt A"]
[White "Philipp, Nils"]
[Black "Reschke, Thomas"]
[Site "Frankfurt"]
[Result "0-1"]
[Round "4.9"]
[WhiteElo "1907"]
[BlackElo "2103"]
[Date "2024.05.27"]
[PlyCount "300"]

1. d4 g6 2. e4 c6 3. Nf3 d5 4. e5 Bg4 5. h3 Bxf3 6. Qxf3 e6 7. c3 c5 8. Bb5+ Nc6 
9. O-O Qb6 10. Bxc6+ bxc6 11. dxc5 Bxc5 12. Nd2 Bf8 13. Nb3 Bg7 14. Re1 Qc7 15. 
Qe2 Ne7 16. Bg5 O-O 17. Bxe7 Qxe7 18. Qe3 Rfb8 19. Re2 Bf8 20. Nd4 Rb6 21. Nf3 Rab8 
22. b3 a5 23. g4 a4 24. bxa4 Qa3 25. Kg2 Qxa4 26. Qc1 Qc4 27. Rc2 Qa4 28. c4 Ba3 
29. Qd2 dxc4 30. Rf1 Bb4 31. Rxc4 Qa6 32. Qf4 Qxa2 33. Rd4 R6b7 34. Rfd1 Be7 35. 
Qh6 Rb2 36. R1d2 Rxd2 37. Rxd2 Rb2 38. Rxb2 Qxb2 39. Ng5 Bxg5 40. Qxg5 Qd4 41. h4 
h6 42. Qf6 Qxg4+ 43. Kf1 Qf5 44. Qd8+ Kg7 45. Qd6 Qh3+  0-1

[Event "ch-Frankfurt A"]
[White "McAdam, Mark, Dr."]
[Black "Gutacker, Stephan"]
[Site "Frankfurt"]
[Result "0-1"]
[Round "4.10"]
[WhiteElo "1995"]
[BlackElo "1932"]
[Date "2024.05.27"]
[PlyCount "300"]
[Time "18:30:00"]
[WhiteTeam "SC Brett vorm Kopp Ffm"]
[BlackTeam "Sfr.1932 Kelkheim"]

1. d4 Nf6 2. c4 d5 3. cxd5 Nxd5 4. e4 Nb6 5. Nc3 g6 6. Be2 Bg7 7. Be3 e5 8. d5 O-O 
9. h4 c6 10. h5 cxd5 11. exd5 N8d7 12. Qd2 Nf6 13. O-O-O Bf5 14. Nf3 Ne4 15. Nxe4 
Bxe4 16. Bd3 Qxd5 17. Ng5 Bxd3 18. Qxd3 Qxa2 19. Bc5 Rac8 20. b4 Na4 21. hxg6 Qb2# 
 0-1

[Event "ch-Frankfurt A"]
[White "Ewers, Christian"]
[Black "Engel, Manfred"]
[Site "Frankfurt"]
[Result "0-1"]
[Round "4.11"]
[WhiteElo "1820"]
[BlackElo "2234"]
[Date "2024.05.27"]
[PlyCount "300"]

1. e4 c5 2. Nf3 Nc6 3. Nc3 g6 4. d4 cxd4 5. Nxd4 Bg7 6. Nde2 d6 7. h3 Bd7 8. g3 h5 
9. Bg2 Qc8 10. Nd5 Nf6 11. Nxf6+ Bxf6 12. c3 O-O 13. Nf4 Bg7 14. Nd5 Re8 15. Bg5 
Rb8 16. f4 f6 17. Bh4 b5 18. f5 g5 19. Qxh5 gxh4 20. gxh4 e6 21. fxe6 Bxe6 22. Bf3 
Ne5 23. O-O-O Bf7 24. Nxf6+ Bxf6 25. Rhg1+ Kf8 26. Qh6+ Ke7 27. Rxd6 Kxd6 28. Qxf6+ 
Qe6 29. Qf4 Kc6 30. Be2 Qxa2  0-1

[Event "ch-Frankfurt A"]
[White "Rondonuwu, Grover"]
[Black "Hitz, Ben"]
[Site "Frankfurt"]
[Result "1-0"]
[Round "4.12"]
[WhiteElo "2015"]
[BlackElo "1833"]
[Date "2024.05.27"]
[PlyCount "300"]

1. d4 d6 2. e4 g6 3. Nc3 Bg7 4. Be3 Nf6 5. f3 O-O 6. Qd2 a6 7. O-O-O b5 8. Bh6 b4 
9. Nce2 a5 10. h4 Ba6 11. h5 Nxh5 12. Rxh5 e6 13. Bxg7 gxh5 14. Bxf8 Kxf8 15. Qh6+ 
Ke8 16. Nh3 Qe7  1-0

[Event "ch-Frankfurt A"]
[White "Orwatsch, Gerhard"]
[Black "Gärtner, Peter"]
[Site "Frankfurt"]
[Result "1-0"]
[Round "4.13"]
[WhiteElo "2051"]
[BlackElo "1764"]
[Date "2024.05.27"]
[PlyCount "300"]

1. d4 d5 2. Nf3 Nf6 3. Bf4 e6 4. e3 Bd6 5. Ne5 c6 6. c3 Qc7 7. Nd2 Nbd7 8. Nxd7 Bxd7 
9. Bg3 Bxg3 10. hxg3 O-O-O 11. b4 e5 12. Be2 e4 13. a4 Qd6 14. Rb1 b5 15. axb5 cxb5 
16. Nb3 Kb8 17. Nc5 Bc6 18. Ra1 Nd7 19. Qb3 Nxc5 20. bxc5 Qd7 21. Ra5 Ka8 22. O-O 
Rb8 23. Rfa1 Rb7 24. Qa3 g6 25. Ra6 Re8 26. Qc1 Re7 27. f3 f5 28. Kf2 Qc7 29. Qf1 
Re8 30. f4 h5 31. Rb1 Reb8 32. Rb4 Qd7 33. Qh1 Qe8 34. Qh4 Rc8 35. Qf6 Rcc7 36. 
Qd6 Kb8 37. Bd1 Ka8 38. Bb3 Qf7 39. Rxc6 Rxc6 40. Qxc6  1-0

[Event "ch-Frankfurt A"]
[White "Mayer, Frank"]
[Black "Rutsatz, Mario"]
[Site "Frankfurt"]
[Result "0-1"]
[Round "4.14"]
[WhiteElo "2009"]
[BlackElo "1948"]
[Date "2024.05.27"]
[PlyCount "300"]

1. e4 e6 2. d4 d5 3. e5 c5 4. c3 Qb6 5. Nf3 Nc6 6. Bd3 cxd4 7. O-O Bd7 8. Re1 Nge7 
9. h4 a6 10. h5 h6 11. Nbd2 Rc8 12. Nb3 dxc3 13. bxc3 Na5 14. Be3 Qc7 15. Nxa5 Qxa5 
16. a4 Nc6 17. c4 Nb4 18. cxd5 Qxd5 19. Bb1 Qxd1 20. Rxd1 Nc2 21. Bxc2 Rxc2 22. 
Nd4 Rc7 23. Nb3 Bb4 24. Bb6 Rc6 25. a5 Ke7 26. Rd3 Rhc8 27. Rad1 Be8 28. Rd4 Rc4 
29. Rxc4 Rxc4 30. Rd4 Rxd4 31. Nxd4 f6 32. f4 fxe5 33. fxe5 Bxh5  0-1

[Event "ch-Frankfurt A"]
[White "Hudobec, Nicolas"]
[Black "Bonnaire, Ulrich"]
[Site "Frankfurt"]
[Result "0-1"]
[Round "4.15"]
[WhiteElo "1362"]
[BlackElo "2135"]
[Date "2024.05.27"]
[PlyCount "300"]

1. c4 e5 2. Nc3 Nf6 3. Nf3 Nc6 4. g3 d5 5. cxd5 Nxd5 6. e4 Ndb4 7. d3 Bg4 8. Be3 
Bxf3 9. Qxf3 Nxd3+ 10. Bxd3 Qxd3 11. Rd1 Qc4 12. Qg4 Nd4 13. Bxd4 exd4 14. Nd5 Bb4+ 
15. Nxb4 Qxb4+ 16. Rd2 O-O 17. Qe2 f5 18. e5 f4 19. O-O f3 20. Qd3 c5 21. Rfd1 Qa4 
22. e6 Rae8 23. Qe4 Qc4 24. e7 Rf7 25. Re1 Rexe7  0-1

[Event "ch-Frankfurt A"]
[White "Noble, Fabian"]
[Black "Kulkovets, Roman"]
[Site "Frankfurt"]
[Result "1-0"]
[Round "4.16"]
[WhiteElo "2060"]
[BlackElo "1685"]
[Date "2024.05.27"]
[PlyCount "300"]

1. e4 d6 2. d4 Nf6 3. Nc3 g6 4. f4 c6 5. Be2 Bg7 6. Nf3 Nbd7 7. e5 Nd5 8. Nxd5 cxd5 
9. O-O Nb6 10. h3 Qc7 11. g4 h5 12. f5 hxg4 13. Ng5 dxe5 14. fxg6 fxg6 15. Bb5+ 
Bd7 16. Ne6 Qd6 17. Nxg7+ Kd8 18. Bxd7 Nxd7 19. Qxg4 e4 20. Ne6+ Kc8 21. Bf4 Qb6 
22. Nc5 Rd8 23. Be5 e6 24. Qxe6 Qxe6 25. Nxe6 Re8 26. Nf4 Nxe5 27. dxe5 Rxe5 28. 
Rad1 Kc7 29. Rxd5 Rxd5 30. Nxd5+ Kd6 31. Ne3 Ke6 32. Ng4 Rh8 33. Kg2 Rc8 34. c3 
Rd8 35. Rf6+ Ke7 36. Rf2 Ke6 37. Re2 Kf5 38. Kf2 Rd3 39. Kg2 Rd8 40. Nf2 Re8 41. 
Kg3 g5 42. Rxe4  1-0

[Event "ch-Frankfurt A"]
[White "Ottenburg, Ralph"]
[Black "Platt, Lukas"]
[Site "Frankfurt"]
[Result "1/2-1/2"]
[Round "4.17"]
[WhiteElo "1962"]
[BlackElo "1833"]
[Date "2024.05.27"]
[PlyCount "300"]

1. Nf3 g6 2. g3 Bg7 3. Bg2 c5 4. c4 Nc6 5. O-O Nf6 6. Nc3 O-O 7. d4 d6 8. dxc5 dxc5 
9. Be3 Nd7 10. Rc1 Rb8 11. b3 b6 12. Qd2 Nde5 13. Rfd1 Bg4 14. Qe1 Qc8 15. Nxe5 
Bxe5 16. Bh6 Re8 17. Nd5 Nd4 18. f3 Bh3 19. Bf4 Bxf4 20. Nxf4 Bxg2 21. Kxg2 Qc6 
22. Qf2 Rbd8 23. e3 Ne6 24. Nd5 Rd7 25. Rd3 Nc7 26. Rcd1 Nxd5 27. cxd5 Qb7 28. e4 
f6 29. Qc2 Rc8 30. Qc3 b5 31. e5 c4 32. bxc4 bxc4 33. R3d2 Qa6 34. d6 fxe5 35. Qxe5 
exd6 36. Qe6+ Rf7 37. Rxd6 Qb7 38. Rd7 Qxf3+ 39. Kh3 Qh5+  1/2-1/2

[Event "ch-Frankfurt A"]
[White "Staeger, Tim"]
[Black "Zimmer, Gerald, Dr."]
[Site "Frankfurt"]
[Result "0-1"]
[Round "4.18"]
[WhiteElo "1639"]
[BlackElo "1944"]
[Date "2024.05.27"]
[PlyCount "300"]

1. d4 Nf6 2. Nf3 b6 3. g3 Bb7 4. Bg2 e6 5. O-O Be7 6. c4 O-O 7. Nbd2 c5 8. b3 Nc6 
9. Bb2 Nxd4 10. Nxd4 Bxg2 11. Kxg2 cxd4 12. Bxd4 d5 13. cxd5 Qxd5+ 14. Nf3 Ne4 15. 
Bb2 Qb7 16. Kg1 Rfd8 17. Qe1 a5 18. Rd1 Bc5 19. e3 Rac8 20. Qe2 Bb4 21. Rxd8+ Rxd8 
22. Rd1 Rc8 23. Qd3 h6 24. Ne5 Bc3 25. Bxc3 Nxc3 26. Qd7 Rc7 27. Qd8+ Kh7 28. Qd3+ 
g6 29. Rd2 Nxa2 30. Rc2 Nc1 31. Qd1 Nxb3 32. Rxc7 Qxc7 33. Nxf7 Qc1 34. Qxc1 Nxc1 
35. Nd6 Kg7 36. Kf1 Kf6 37. Ne4+ Ke5 38. Nc3 Kd6 39. Ke1 Nd3+ 40. Ke2 Ne5 41. Kd1 
Ng4  0-1

[Event "ch-Frankfurt A"]
[White "Dolidze, David"]
[Black "Held, Bernhard"]
[Site "Frankfurt"]
[Result "1-0"]
[Round "4.19"]
[WhiteElo "1593"]
[BlackElo "1899"]
[Date "2024.05.27"]
[PlyCount "300"]

1. e4 c5 2. Nf3 Nc6 3. d4 cxd4 4. Nxd4 Nf6 5. Nc3 e5 6. Ndb5 d6 7. Nd5 Nxd5 8. exd5 
Nb8 9. c4 Nd7 10. Bd3 a6 11. Nc3 Be7 12. O-O O-O 13. Kh1 f5 14. f3 Nf6 15. Be3 Bd7 
16. c5 Kh8 17. b4 Rc8 18. c6 bxc6 19. Bxa6 Rb8 20. dxc6 Bxc6 21. b5 Bb7 22. Ba7 
Ra8 23. Bxb7 Rxa7 24. Bc6 Qa5 25. Nd5 Nxd5 26. Qxd5 Rb8 27. Rfb1 Rc7 28. a4 Ra7 
29. Qb3 Rc7 30. Qd5 Ra7 31. Qe6 g6 32. Qf7 Qd8 33. Bd5 Qb6 34. a5 Qd4 35. b6 Rf8 
36. bxa7  1-0

[Event "ch-Frankfurt A"]
[White "Fröhlich-Dill, Astrid"]
[Black "Nabuuma, Rakhshanah"]
[Site "Frankfurt"]
[Result "1-0"]
[Round "4.20"]
[WhiteElo "1889"]
[BlackElo "1680"]
[Date "2024.05.27"]
[PlyCount "300"]

1. d4 c5 2. c3 cxd4 3. cxd4 Nf6 4. Nc3 d6 5. e4 g6 6. Nf3 Bg4 7. Bc4 Bg7 8. h3 Bxf3 
9. Qxf3 O-O 10. O-O e5 11. dxe5 dxe5 12. Rd1 Qc7 13. b3 a6 14. Ba3 Re8 15. Rac1 
Nc6 16. Nd5 Nxd5 17. Bxd5 Bf8 18. b4 Rad8 19. Qb3 Rd7 20. b5 axb5 21. Bxf8 Kxf8 
22. Qxb5 Rc8 23. Rd3 Rd6 24. Rb3 Rb8 25. Bxc6 Rc8 26. Qxb7 Qxb7 27. Rxb7 Rdxc6 28. 
Rxc6 Rxc6 29. Rb2 Ke7 30. f3 h6 31. Rb5 Ke6 32. a4 Ra6 33. a5 Ra7 34. Rb6+ Kd7 35. 
a6 Kc7 36. Rf6 Kb8 37. g4 Rc7 38. Kf2 Ka7 39. h4 Re7 40. Ke3 Kb8 41. h5 Re6 42. 
Rxe6  1-0

[Event "ch-Frankfurt A"]
[White "Raumanns, Niklas"]
[Black "Weber, Axel"]
[Site "Frankfurt"]
[Result "1-0"]
[Round "4.21"]
[WhiteElo "1844"]
[BlackElo "1508"]
[Date "2024.05.27"]
[PlyCount "300"]

1. b3 e6 2. Bb2 d5 3. e3 Nf6 4. Nf3 Be7 5. c4 O-O 6. Be2 Nbd7 7. O-O b6 8. Nc3 Bb7 
9. d4 c5 10. Rc1 Rc8 11. Ne5 Nxe5 12. dxe5 Ne4 13. Nxe4 dxe4 14. Qc2 Qc7 15. Rfd1 
Rcd8 16. Bf1 f5 17. exf6 Bxf6 18. g3 Bxb2 19. Qxb2 Rd7 20. Rxd7 Qxd7 21. Be2 Qf7 
22. Rf1 h6 23. Bg4 Bc8 24. Qe5 Qg6 25. Bh3 Rd8 26. Qc7 Re8 27. Qxa7 Qh5 28. Bg2 
e5 29. Qxb6 Bh3 30. Bxh3 Qxh3 31. Qxc5  1-0

[Event "ch-Frankfurt A"]
[White "Döhne, Vincent"]
[Black "Trierweiler, Joachim"]
[Site "Frankfurt"]
[Result "1-0"]
[Round "4.22"]
[WhiteElo "1623"]
[BlackElo "1875"]
[Date "2024.05.27"]
[PlyCount "300"]

1. d4 Nf6 2. Nf3 g6 3. c4 Bg7 4. Nc3 d6 5. e4 Nc6 6. Be2 O-O 7. O-O e5 8. d5 Ne7 
9. b4 a5 10. Ba3 axb4 11. Bxb4 b6 12. a4 Nd7 13. a5 Nc5 14. Qc2 f5 15. axb6 Rxa1 
16. Rxa1 cxb6 17. Bxc5 bxc5 18. Ra8 Qb6 19. Nb5 fxe4 20. Qxe4 Nf5 21. Qb1 Nd4 22. 
Nfxd4 cxd4 23. Qb4 d3 24. Bf3 e4 25. Rxc8 Rxc8 26. Bxe4 Rf8 27. Bf3 Bd4 28. Qd2 
Ra8 29. g3 Ra1+ 30. Kg2 Be5 31. Bg4 Qa5 32. Qh6 Qd8 33. Be6+ Kh8 34. Qe3 Ra2 35. 
Qxd3 Qf6 36. Qe3 Kg7 37. c5 dxc5 38. Qxc5 Rd2 39. Qa7+ Kh6 40. Qe3+ Qg5 41. Qf3 
Qf6 42. Qxf6 Bxf6 43. d6 Bd8 44. d7 Bb6 45. Nc3 Rxf2+ 46. Kh3 Rd2 47. Nd5 Bd8 48. 
Nf4 Kg5 49. Bd5 Kf6 50. Bc6 Rd6 51. Ba4 g5 52. Ne2 h5 53. Nc3 Ke7 54. Kg2 Rd2+ 55. 
Kg1 Bb6+ 56. Kh1 h4 57. Bb5 h3 58. Bf1 g4 59. Be2 Rc2 60. Bxg4 Rxc3 61. Bxh3 Rc2 
62. Bf5 Kf6 63. Bxc2  1-0

[Event "ch-Frankfurt A"]
[White "Ghaznavi, Massoud"]
[Black "Plattner, Rolf"]
[Site "Frankfurt"]
[Result "1-0"]
[Round "4.24"]
[WhiteElo "1722"]
[BlackElo "1832"]
[Date "2024.05.27"]
[PlyCount "300"]

1. d4 Nf6 2. c4 e6 3. Nf3 d5 4. e3 Be7 5. c5 O-O 6. Nc3 Nbd7 7. Be2 Re8 8. O-O c6 
9. b4 Qc7 10. h3 e5 11. Bb2 e4 12. Nh2 Nf8 13. Ng4 N6d7 14. a4 f5 15. Nh2 Nf6 16. 
f4 Bd7 17. Rf2 g6 18. a5 a6 19. Na4 Rad8 20. Bc3 Ne6 21. g4 Ng7 22. g5 Nfh5 23. 
Rg2 Nxf4 24. exf4 Qxf4 25. Be1 Bxg5 26. Bg3 Qe3+ 27. Bf2 Qd2 28. Qxd2 Bxd2 29. Rb1 
Bh6 30. h4 Ne6 31. Kf1 Bg7 32. Rd1 f4 33. Bg4 e3 34. Bxe6+ Bxe6 35. Be1 Bh3 36. 
Rd3 Re4 37. Nf3 Rde8 38. Kg1 Bxg2 39. Kxg2 h6 40. Nc3 R4e6 41. Ne2 Rf8 42. Kh3 Rf5 
43. Bc3 Kf7 44. Rd1 g5 45. hxg5 hxg5 46. Kg4 Kg6 47. Rh1 Re8 48. Rh5 Bf6 49. Nh4+ 
gxh4 50. Rxf5 Rg8 51. Rxf4 Kf7+ 52. Kh3 Ke6 53. Be1 Bg5 54. Rg4 Kf5 55. Bxh4 Rg6 
56. Rxg5+ Rxg5 57. Bxg5 Kxg5  1-0

[Event "ch-Frankfurt A"]
[White "Sonntag, Chris"]
[Black "Rotermund, Verena"]
[Site "Frankfurt"]
[Result "0-1"]
[Round "4.25"]
[WhiteElo "1285"]
[BlackElo "1765"]
[Date "2024.05.27"]
[PlyCount "300"]

1. d4 Nf6 2. Nf3 d6 3. Bf4 g6 4. c4 Bg7 5. Nc3 Nbd7 6. h3 O-O 7. e4 Nh5 8. Bh2 e5 
9. d5 a5 10. Be2 Nc5 11. Nd2 Nf4 12. O-O f5 13. exf5 Bxf5 14. Nb3 Qg5 15. Bxf4 exf4 
16. Bg4 Nd3 17. Bxf5 Qxf5 18. Rb1 Nxb2 19. Qc1 Nd3 20. Qd2 a4 21. Nc1 Nc5 22. Nb5 
Qxb1 23. Nxc7 Rac8 24. Nb5 Rcd8 25. Ne2 Qd3 26. Qxd3 Nxd3 27. Nc7 Nc5 28. Rd1 f3 
29. gxf3 Rxf3 30. Nd4 Bxd4 31. Rxd4 Rc3 32. Rd2 Rf8  0-1

[Event "ch-Frankfurt A"]
[White "Rauscher, Joachim"]
[Black "Sadeghi, Behrang"]
[Site "Frankfurt"]
[Result "0-1"]
[Round "4.26"]
[WhiteElo "1798"]
[BlackElo "2228"]
[Date "2024.05.27"]
[PlyCount "300"]

1. e4 c6 2. d4 d5 3. Nc3 g6 4. Be3 Bg7 5. Qd2 h5 6. Nf3 Nh6 7. h3 dxe4 8. Nxe4 Nf5 
9. O-O-O Nxe3 10. fxe3 Nd7 11. Kb1 Nf6 12. Nxf6+ exf6 13. Bd3 f5 14. e4 fxe4 15. 
Bxe4 O-O 16. c3 Re8 17. Bd3 Be6 18. Qc2 a5 19. Ne5 a4 20. Bc4 Bxc4 21. Nxc4 b5 22. 
Ne5 Qc7 23. Nf3 a3 24. g4 Re3 25. Rhf1 hxg4 26. hxg4 Qe7 27. Rfe1 axb2 28. Qxb2 
Qe4+ 29. Ka1 Qxf3  0-1

[Event "ch-Frankfurt A"]
[White "Schwarz, Dominik"]
[Black "Lopez Fuertes, Victor"]
[Site "Frankfurt"]
[Result "0-1"]
[Round "4.27"]
[WhiteElo "1895"]
[BlackElo "1747"]
[Date "2024.05.27"]
[PlyCount "300"]

1. d4 f5 2. c4 Nf6 3. Nc3 e6 4. Nf3 Bb4 5. Qc2 b6 6. Bg5 O-O 7. g3 Bb7 8. Bg2 d6 
9. Rd1 Nbd7 10. O-O Bxc3 11. Qxc3 Qe8 12. Qc2 Ne4 13. Bc1 a5 14. Ng5 Ndf6 15. d5 
exd5 16. cxd5 Nc5 17. Rfe1 Nfe4 18. f3 Nxg5 19. Bxg5 Qf7 20. e4 fxe4 21. fxe4 Qg6 
22. Bf4 Rae8 23. a3 a4 24. Qc4 Ba6 25. Qc2 Rf7 26. Re3 Ref8 27. Rde1 Bb5 28. Qc3 
h5 29. Qb4 Bd7 30. Qd4 h4 31. e5 h3 32. Bf3 Nb3 33. Be4 Qg4 34. Qc3 Rxf4 35. e6 
Bb5 36. Bf3 Rxf3 37. Rxf3 Nd4 38. Rf4 Ne2+ 39. Rxe2 Qxe2 40. g4  0-1

[Event "ch-Frankfurt A"]
[White "Müller, Jens"]
[Black "Schweitzer, Stefan"]
[Site "Frankfurt"]
[Result "1/2-1/2"]
[Round "4.29"]
[WhiteElo "1688"]
[BlackElo "1833"]
[Date "2024.05.27"]
[PlyCount "300"]
[Time "18:30:00"]
[WhiteTeam "SV 1920 Hofheim"]
[BlackTeam "SF Frankfurt 1921"]

1. e4 g6 2. d4 Bg7 3. Nc3 d6 4. Be3 a6 5. h4 h5 6. f3 b5 7. Qd2 Nd7 8. Nh3 Bb7 9. 
Ng5 c5 10. dxc5 Nxc5 11. O-O-O Qc7 12. Nd5 Qc6 13. Nb4 Qc7 14. Nd5 Qc6 15. Nb4 Qc7 
16. Nd5  1/2-1/2

[Event "ch-Frankfurt A"]
[White "Schulze, Manfred"]
[Black "Börsch, Dieter"]
[Site "Frankfurt"]
[Result "1-0"]
[Round "4.30"]
[WhiteElo "1887"]
[BlackElo "1764"]
[Date "2024.05.27"]
[PlyCount "300"]

1. e4 c5 2. Nf3 d6 3. d4 cxd4 4. Nxd4 Nf6 5. Nc3 a6 6. Bc4 e6 7. O-O Be7 8. f4 b5 
9. Bb3 O-O 10. f5 e5 11. Nde2 Bb7 12. Ng3 Nbd7 13. Bg5 Qb6+ 14. Kh1 h6 15. Bh4 g5 
16. fxg6  1-0

[Event "ch-Frankfurt A"]
[White "Leitzig, Reamonn Franky James"]
[Black "Landvoigt, Martin"]
[Site "Frankfurt"]
[Result "1-0"]
[Round "4.31"]
[WhiteElo "1748"]
[BlackElo "1593"]
[Date "2024.05.27"]
[PlyCount "300"]

1. e4 d5 2. exd5 Qxd5 3. Nc3 Qe6+ 4. Be2 Nc6 5. Nf3 a6 6. d4 Qd7 7. d5 Na7 8. O-O 
e6 9. Re1 Be7 10. Bc4 b5 11. dxe6 Qxd1 12. exf7+ Kf8 13. fxg8Q+ Rxg8 14. Rxd1 Rh8 
15. Bf1 Bb7 16. Be3 Nc6 17. Nd4 Nxd4 18. Bxd4 Bf6 19. Bxf6 gxf6 20. Rd7 Rc8 21. 
Rad1 Bc6 22. Rd8+ Kg7 23. Rxh8 Kxh8 24. g3 Re8 25. Bg2 Re6 26. Bxc6 Rxc6 27. Rd2 
Re6 28. Ne2 c5 29. Kg2 Kg7 30. Nf4 Rc6 31. Rd7+ Kh6 32. Re7 c4 33. Re6 Rxe6 34. 
Nxe6 a5 35. Nd4 b4 36. Nc6 b3 37. axb3 cxb3 38. cxb3 Kg5 39. Nxa5 Kf5 40. b4 Ke6 
41. b5 Kd7 42. b6 Kc8 43. Kf3  1-0

[Event "ch-Frankfurt A"]
[White "Shanawaz Thabrez, Shahzaib"]
[Black "Stricker, Konstantin"]
[Site "Frankfurt"]
[Result "1/2-1/2"]
[Round "4.32"]
[WhiteElo "1761"]
[BlackElo "1799"]
[Date "2024.05.27"]
[PlyCount "300"]

1. e4 d6 2. d4 c6 3. c4 Nf6 4. Nc3 Qa5 5. Bd2 Qc7 6. Bd3 e5 7. d5 Bg4 8. Be2 Bxe2 
9. Qxe2 Nbd7 10. Nf3 Be7 11. O-O O-O 12. b4 a6 13. a4 Rfc8 14. Rfc1 cxd5 15. Nxd5 
Nxd5 16. cxd5 Qd8 17. h3 h6 18. Be3 Rxc1+ 19. Rxc1 Rc8 20. Qd1 Rxc1 21. Qxc1 Nf6 
22. Nd2 Ne8 23. a5 Qc7 24. Qb2  1/2-1/2

[Event "ch-Frankfurt A"]
[White "Tews, Artur"]
[Black "Stulken, Dietmar"]
[Site "Frankfurt"]
[Result "1-0"]
[Round "4.33"]
[WhiteElo "1672"]
[BlackElo "1306"]
[Date "2024.05.27"]
[PlyCount "300"]

1. c4 e5 2. Nc3 Nf6 3. e4 c6 4. Nf3 d6 5. d3 Be7 6. Be2 O-O 7. O-O Bg4 8. h3 Bh5 
9. Nh2 Bxe2 10. Qxe2 Nbd7 11. f4 exf4 12. Bxf4 Ne5 13. d4 Ng6 14. Be3 Re8 15. Rf2 
Rc8 16. Raf1 Rc7 17. g4 Nd7 18. Qf3 Rf8 19. Kh1 Nh4 20. Qg3 g5 21. e5 dxe5 22. dxe5 
Nc5 23. Rd1 Rd7 24. Rxd7 Qxd7 25. Rd2 Qc7 26. Bxc5 Bxc5 27. Ne4 Be7 28. Nf1 h6 29. 
Nd6 c5 30. Ne3 Qc6+ 31. Nd5 Bd8 32. Nf5 Re8 33. Kg1 Kh7 34. Nd6 Rf8 35. Qd3+ Kh8 
36. Rf2 Kg7 37. Qf1 f5 38. gxf5 Kh7 39. f6 Ng6 40. Qd3 Qd7 41. Qf5 Qxf5 42. Rxf5 
b6 43. e6 Nf4 44. e7 Nxh3+ 45. Kh2  1-0

[Event "ch-Frankfurt A"]
[White "Cichon, Jörg"]
[Black "Münstermann, Matthias"]
[Site "Frankfurt"]
[Result "1/2-1/2"]
[Round "4.34"]
[WhiteElo "1818"]
[BlackElo "1787"]
[Date "2024.05.27"]
[PlyCount "300"]

1. e4 c5 2. Nf3 Nc6 3. d4 cxd4 4. Nxd4 Nf6 5. Nc3 e5 6. Ndb5 d6 7. Bg5 a6 8. Na3 
b5 9. Nd5 Be7 10. Bxf6 Bxf6 11. Nxf6+ Qxf6 12. c3 O-O 13. Be2 Qe7 14. Nc2 Be6 15. 
Ne3 Rad8 16. O-O f5 17. exf5 Bf7 18. Bh5 Kh8 19. Bxf7 Qxf7 20. Qf3 d5 21. Rad1 e4 
22. Qg3 Rfe8 23. Rfe1 Ne5 24. Re2 Nd3 25. Qg5 d4 26. cxd4 Rxd4 27. Nc2 Rd5 28. Qe3 
Nc5 29. Rxd5 Qxd5 30. Nb4 Qxf5 31. Rd2 Ne6 32. Rd5  1/2-1/2